Groupes de Starship Entertainment - Statistiques

Statistiques générales
  • Ce quiz a été pris 27 fois
  • Le résultat moyen est 2 sur 5
Statistiques - réponses
1ère lettres Groupes % Correct
I IVE
100%
K KiiiKiii
42%
C Cravity
37%
M Monsta X
37%
W WJSN
21%
Aucun quiz correspondant
Distribution des résultats
% des personnes avec chaque résultat
Percentile par nombre de réponses
Votre historique - résultats
Vous n’avez pas pris ce quiz